Analysis of diverse isolates of Colletotrichum lindemuthianum infecting common bean using molecular markers (Record no. 54219)

MARC details
000 -LEADER
fixed length control field 00460nam a2200169Ia 4500
100 ## - MAIN ENTRY--AUTHOR NAME
Personal name Fabre J V
245 #0 - TITLE STATEMENT
Title Analysis of diverse isolates of Colletotrichum lindemuthianum infecting common bean using molecular markers
260 ## - PUBLICATION, DISTRIBUTION, ETC. (IMPRINT)
Name of publisher Mycological Research
Year of publication 1995
300 ## - PHYSICAL DESCRIPTION
Number of Pages 429-435
650 ## - SUBJECT ADDED ENTRY--TOPICAL TERM
Topical Term RAPD
650 ## - SUBJECT ADDED ENTRY--TOPICAL TERM
Topical Term RFLP
700 ## - ADDED ENTRY--PERSONAL NAME
Personal name Dron M
700 ## - ADDED ENTRY--PERSONAL NAME
Personal name Julien J
700 ## - ADDED ENTRY--PERSONAL NAME
Personal name Parisot D
942 ## - ADDED ENTRY ELEMENTS (KOHA)
Koha item type Journals
Holdings
Withdrawn status Lost status Damaged status Not for loan Home library Current library Shelving location Date acquired Serial Enumeration / chronology Koha item type
      Journals RRII Library RRII Library RAPD 18/10/1995 Volume 99, Issue 4 Journals